| 000 | 01118cab a2200325 4500 | ||
|---|---|---|---|
| 001 | ABS54417 | ||
| 008 | 090401t1996 xxu||||| |||| 00| 0 eng d | ||
| 035 | _a(Sirsi) u10202 | ||
| 041 | _aeng | ||
| 100 | _aWilkinson, H. W. | ||
| 245 | _aLoss of a `chance` in conveyancing transactions | ||
| 260 | _c1996 | ||
| 350 | _a0 | ||
| 490 |
_aNew Law Journal _v146(6728) 26 January 1996, 88-89(2) |
||
| 520 | _aDiscusses recent case law on the liability of solicitors for advice given for conveyancing and lease transactions and the concept of `chance`. | ||
| 650 | _aALLIED MAPLES GROUP LTD V SIMMONS AND SIMMONS | ||
| 650 | _aDAVIES V TAYLOR | ||
| 650 | _aFIRST INTERSTATE BANK OF CALIFORNIA V COHEN ARNOLD & CO | ||
| 650 | _aHOTSON V FITZGERALD | ||
| 650 | _aINDER LYNCH DEVOY & CO V SUBRITSKY | ||
| 650 | _aLOST CHANCE | ||
| 650 | _aOTTER V CHURCH ADAMS TATHAM & CO | ||
| 650 | _aPROFESSIONAL NEGLIGENCE | ||
| 650 | _aSPRING V GUARDIAN ASSURANCE PLC | ||
| 650 | _aSTOVOLD V BARLOWS | ||
| 650 | _aSYKES V MIDLAND BANK | ||
| 690 | _aPROPERTY LAW AND PRACTICE | ||
| 942 | _n0 | ||
| 948 | _c04/03/1997 | ||
| 999 |
_c6415 _d6415 |
||